Nhà văn hiện thực đời sống và cá tính sáng tạo
שמור ב:
| מחבר ראשי: | |
|---|---|
| פורמט: | ספר |
| שפה: | Vietnamese |
| יצא לאור: |
H.
Nxb. Văn Học
2004
|
| מהדורה: | lần 3 |
| תגים: |
הוספת תג
אין תגיות, היה/י הראשונ/ה לתייג את הרשומה!
|
| Thư viện lưu trữ: | Mạng thư viện Đại học Đà Nẵng |
|---|
| LEADER | 00685nam a2200265 4500 | ||
|---|---|---|---|
| 001 | 000003904 | ||
| 003 | 26 | ||
| 005 | 20121211001216.0 | ||
| 008 | 110516s2004 viesd | ||
| 020 | |c 33000 | ||
| 041 | 0 | |a vie | |
| 082 | |a 8 |b 777 | ||
| 100 | 0 | |a Trần Đăng Suyền | |
| 245 | 0 | |a Nhà văn hiện thực đời sống và cá tính sáng tạo |c Trần Đăng Suyền | |
| 250 | |a lần 3 | ||
| 260 | |a H. |b Nxb. Văn Học |c 2004 | ||
| 300 | |a 322tr |c 20cm | ||
| OWN | |a LSP | ||
| 999 | |a From the UDN01 | ||
| TYP | |a Monograph | ||
| TYP | |a Printed language | ||
| 980 | |a Mạng thư viện Đại học Đà Nẵng | ||